000
00315nam a2200133Ia 4500
082
_a
610.7368
_b
M15V
100
_a
VARCAROLIS, ELIZABETH M.
245
_a
MANUAL OF PSYCHIATRIC NURSING CARE PLANNING
250
_a
5TH
260
_b
ELSEVER
_c
2015
300
_a
757
650
_a
PSYCHIATRIC NURSING
942
_2
ddc
_c
BK
999
_c
6869
_d
6869